01246nam a2200205 a 4500008004100000020001800041041000800059092001700067100002700084245005400111250002200165260003300187300001100220500009000231505045600321655002100777942001300798999001500811952021400826190917t2018 ag |||g |||| 001 0 spa d a9789879334539 aspa c808l36sHUI1 aHuidobro, Norma.94317 1a¿Quién conoce a Greta Garbo? /cNorma Huidobro a1a ed. 17a reimp. aBuenos Aires:bNorma;c2018. a237 p. aHuidobro, N. (2018). ¿Quién conoce a Greta Garbo?. (1a ed.). Buenos Aires : Norma. aPor fin conocí a Verónica Morel, claro que en la sección de policiales de un diario no era la mejor forma de conocerla. Pero ya no quedaba otra. Verónica había sido asesinada y ella, Greta, había visto esa cara en otro lugar. ¿Dónde? Tal vez en la televisión, en algún comercial, o en alguna de esas telenovelas que sus padres le tenían prohibidas pero que ella veía igual. Verónica Morel, veintisiete años, estrangulada...  aLiteratura92917 2ddccLIT c3268d3268 00102ddc4070aBFMbBFMcCRd2025-05-16eDonación Mayo 2025. Silva, Zamira Florencia.l0o808 36 HUIp5029r2025-05-16tEj. 1w2025-05-16yLITzDonación Mayo 2025. Silva, Zamira Florencia. Sede Tordos.f